Statistics for Disney Theme Parks Quiz

Click here to take the quiz!

General Stats

  • This quiz has been taken 5,898 times
  • The average score is 15 of 22

Answer Stats

Hint Answer % Correct
Disneyland ride that gave its name to a movie
franchise starring Johnny Depp
Pirates of the Caribbean
92%
Disneyland's nicknameThe {Happiest} Place
on Earth
88%
Princess whose castle is in Disney WorldCinderella
87%
Theme parks at Walt Disney WorldThe {Magic} Kingdom
81%
What happens every day around 9:30 PMFireworks
80%
Metro areas home to a Disney resortOrlando
80%
Boat ride featuring 300 singing, animatronic children
dressed in costumes from around the world
It's a Small World
78%
Metro areas home to a Disney resortParis
76%
Theme parks at Walt Disney World{Epcot} Center
74%
Princess whose castle is in DisneylandSleeping Beauty
74%
One of these happens every day at
Disney resorts around 3:00 PM
Parade
74%
Metro areas home to a Disney resortLos Angeles
72%
Metro areas home to a Disney resortTokyo
71%
Theme parks at Walt Disney WorldThe {Animal} Kingdom
67%
Mode of transporation at Disneyland that
Walt Disney envisioned as a model
for the future of public transit
Monorail
64%
Futuristic "land" at Disney resorts{Tomorrow}land
60%
Old West "land" at Disney resorts{Frontier}land
54%
What employees are called{Cast} Members
53%
Theme parks at Walt Disney WorldHollywood {Studios}
53%
Metro areas home to a Disney resortShanghai
47%
Metro areas home to a Disney resortHong Kong
46%
Jungle-themed "land" at Disney resorts{Adventure}land
38%

Score Distribution

Percentile by Number Answered

Percent of People with Each Score

Your Score History

You have not taken this quiz